| 000 | 01021nam a2200157 a 4500 | ||
|---|---|---|---|
| 090 |
_aIAVH _b00765 CD-1 |
||
| 041 | _aspa | ||
| 100 |
_aRodríguez Cajamarca, Juliana Edith _94980 |
||
| 245 | _aMapas de distribución de 200 especies de hormigas en el territorio nacional, basados en registros biológicos, históricos e información respecto a hábitats asociados | ||
| 260 |
_aBogotá _bInstituto Alexander von Humboldt _c2005 |
||
| 300 | _a22 p. | ||
| 520 | _aSe estableció que para la elaboración de los mapas de distribución de especies de hormigas, se utilizaría la información de los registros de la base de datos de hormigas cazadoras suministrada por el IAvH. Con base en estos insumos se establecieron los criterios generales para la elaboración de los mapas. Se realizó la revisión y evaluación de la información | ||
| 650 |
_aConservación _992401 |
||
| 650 |
_aBiodiversidad _992204 |
||
| 773 | 0 |
_05986 _99704 _a _b _dBogotá Informatica documental 2007 _o024802 _tInformes de investigaciones IAVH en PDF _w _x _z |
|
| 999 |
_c6033 _d6033 |
||